[Event "Cornella de Llobregat op 8th"]
[Site "Cornella de Llobregat"]
[Date "2022.10.17"]
[Round "4"]
[White "Munoz Pantoja, Miguel Angel"]
[Black "Escandell Mari, Juan Carlos"]
[Result "1-0"]
[WhiteElo "2366"]
[BlackElo "2161"]
[PlyCount "113"]
[EventDate "2022.09.26"]
[EventType "swiss"]
[EventRounds "9"]
[EventCountry "ESP"]
[SourceTitle "EXT 2024"]
[Source "ChessBase"]
[SourceDate "2023.10.10"]
[SourceVersion "1"]
[SourceVersionDate "2023.10.10"]
[SourceQuality "1"]

1. e4 e5 2. d4 exd4 3. Qxd4 Nc6 4. Qe3 Nf6 5. Bd2 Be7 6. c4 0-0 7. Nc3 Nb4 8. 0-0-0 c6 9. a3 a5 10. f3 d5 11. Nge2 Bc5 12. Qg5 Nd3+ 13. Kc2 Nf2 14. Ng3 Nxd1 15. Nxd1 Be7 16. Qf4 Be6 17. Ne3 dxc4 18. Nef5 Re8 19. Nxg7 Kxg7 20. Bc3 h6 21. Bxc4 Kg6 22. Rd1 Qc8 23. Rd6 Rd8 24. Nf5 Bxf5 25. exf5+ Kh7 26. Rxf6 Bxf6 27. Bxf6 Qd7 28. Kb1 a4 29. Ka1 Qd1+ 30. Ka2 Rd7 31. Qe4 Qd6 32. Be5 Qc5 33. f6+ Kh8 34. Qf4 Kh7 35. Qe4+ Kh8 36. Be6 Rd5 37. Qf4 Qf8 38. Bxd5 cxd5 39. Bd6 Qg8 40. Qxh6+ Qh7 41. Qf4 Rc8 42. Qxa4 Qf5 43. Qh4+ Kg8 44. g4 Qg6 45. f4 Rc4 46. h3 Qc2 47. Qg5+ Qg6 48. Qxd5 Rc2 49. Be5 b6 50. Qd8+ Kh7 51. Qd7 Rc5 52. h4 Qg8 53. h5 Rc8 54. g5 Qe8 55. g6+ Kg8 56. Qxe8+ Rxe8 57. Kb3 1-0

[Event "Cornella de Llobregat op 8th"]
[Site "Cornella de Llobregat"]
[Date "2022.09.26"]
[Round "1"]
[White "Escandell Mari, Juan Carlos"]
[Black "Valarezo Ricard, Pedro"]
[Result "1-0"]
[WhiteElo "2161"]
[BlackElo "1695"]
[PlyCount "79"]
[EventDate "2022.09.26"]
[EventType "swiss"]
[EventRounds "9"]
[EventCountry "ESP"]
[SourceTitle "EXT 2024"]
[Source "ChessBase"]
[SourceDate "2023.10.10"]
[SourceVersion "1"]
[SourceVersionDate "2023.10.10"]
[SourceQuality "1"]

1. e4 d5 2. exd5 Qxd5 3. Nc3 Qd6 4. d4 Nf6 5. Nf3 c6 6. Ne5 Be6 7. Be2 Nbd7 8. Bf4 Qb4 9. a3 Qa5 10. b4 Qd8 11. 0-0 g6 12. b5 Nd5 13. Nxd5 cxd5 14. c4 Bg7 15. Bf3 Nxe5 16. dxe5 Qb6 17. cxd5 Rd8 18. Qb3 Bd7 19. a4 0-0 20. Rad1 Bc8 21. Rfe1 a6 22. Be2 h6 23. Bc4 g5 24. Bg3 h5 25. h4 Bg4 26. Rb1 Qg6 27. bxa6 bxa6 28. Qe3 Bf5 29. Rb6 e6 30. hxg5 a5 31. Rc1 Rb8 32. Rxb8 Rxb8 33. d6 Bf8 34. Bb5 Be4 35. f3 Bd5 36. Be1 Ra8 37. Bd2 Kg7 38. d7 Bb7 39. Bd3 f5 40. exf6+ 1-0

[Event "Cornella Pinol Memorial 5th"]
[Site "Cornella de Llobregat"]
[Date "2017.10.23"]
[Round "5"]
[White "Bernat, Ernest"]
[Black "Escandell Mari, Juan Carlos"]
[Result "0-1"]
[WhiteElo "1881"]
[BlackElo "2237"]
[PlyCount "72"]
[EventDate "2017.09.25"]
[EventType "swiss"]
[EventRounds "9"]
[EventCountry "ESP"]
[SourceTitle "CBM 181 Extra"]
[Source "ChessBase"]
[SourceDate "2017.12.12"]
[SourceVersion "1"]
[SourceVersionDate "2017.12.12"]
[SourceQuality "1"]

1. e4 e5 2. Nf3 Nc6 3. Bb5 a6 4. Ba4 Nf6 5. 0-0 b5 6. Bb3 Bb7 7. d3 Be7 8. c3 0-0 9. Nbd2 d6 10. Re1 Na5 11. Bc2 c5 12. Nf1 Re8 13. Ng3 Bf8 14. Bg5 h6 15. Bd2 Nc6 16. Nf5 d5 17. h3 Kh7 18. exd5 Nxd5 19. d4 g6 20. Ng3 exd4 21. Rxe8 Qxe8 22. cxd4 Nxd4 23. Be4 f5 24. Bd3 Bg7 25. Rc1 c4 26. Bb1 Nxf3+ 27. Qxf3 Qf7 28. Qa3 Re8 29. Re1 Rxe1+ 30. Bxe1 Nf4 31. f3 Qd7 32. Bc2 Qd4+ 33. Bf2 Qxb2 34. Qe7 Qxc2 35. Qxb7 c3 36. Qc7 Qd1+ 0-1

[Event "Catalunya-chT Gp1"]
[Site "Barcelona"]
[Date "2016.03.05"]
[Round "7.2"]
[White "Escandell Mari, Juan Carlos"]
[Black "Gonzalez Rodriguez, Jorge Armando"]
[Result "1/2-1/2"]
[WhiteElo "2297"]
[BlackElo "2322"]
[PlyCount "100"]
[EventDate "2016.01.23"]
[EventType "team-tourn"]
[EventRounds "7"]
[EventCountry "ESP"]
[SourceTitle "EXT 2017"]
[Source "ChessBase"]
[SourceDate "2016.10.25"]
[SourceVersion "1"]
[SourceVersionDate "2016.10.25"]
[SourceQuality "1"]
[WhiteTeam "Cerdanyola Valles"]
[BlackTeam "Figueres"]
[WhiteTeamCountry "ESP"]
[BlackTeamCountry "ESP"]

1. e4 e6 2. d4 d5 3. Nd2 c5 4. exd5 Qxd5 5. Ngf3 cxd4 6. Bc4 Qd6 7. 0-0 Nf6 8. Nb3 Nc6 9. Nbxd4 Nxd4 10. Nxd4 a6 11. c3 Qc7 12. Bb3 Bd6 13. h3 0-0 14. Re1 e5 15. Nc2 h6 16. Ne3 Re8 17. Nd5 Nxd5 18. Bxd5 Rb8 19. Be3 Be6 20. Qf3 Bxd5 21. Qxd5 Rbd8 22. Rad1 b5 23. Qb3 Bc5 24. Rd5 Bxe3 25. Rxe3 e4 26. Qd1 f5 27. Qb3 Rxd5 28. Qxd5+ Qf7 29. Qxf7+ Kxf7 30. f3 exf3 31. Rxf3 Kf6 32. Kf2 Rd8 33. Ke2 g5 34. g3 h5 35. Rd3 Rh8 36. Rd4 Ke5 37. a4 Rc8 38. axb5 axb5 39. Rb4 Rc5 40. Ke3 Rd5 41. Ke2 Kd6 42. Ke3 Re5+ 43. Kf2 Ke6 44. Kf3 g4+ 45. hxg4 hxg4+ 46. Kf2 Kd6 47. Rd4+ Kc5 48. Rf4 Rd5 49. Ke2 Re5+ 50. Kf2 Kd5 1/2-1/2

[Event "Catalunya-chT Gp1"]
[Site "Barcelona"]
[Date "2016.02.27"]
[Round "6.4"]
[White "Vidarte Morales, Arturo"]
[Black "Escandell Mari, Juan Carlos"]
[Result "0-1"]
[WhiteElo "2306"]
[BlackElo "2297"]
[PlyCount "70"]
[EventDate "2016.01.23"]
[EventType "team-tourn"]
[EventRounds "7"]
[EventCountry "ESP"]
[SourceTitle "EXT 2017"]
[Source "ChessBase"]
[SourceDate "2016.10.25"]
[SourceVersion "1"]
[SourceVersionDate "2016.10.25"]
[SourceQuality "1"]
[WhiteTeam "Montcada"]
[BlackTeam "Cerdanyola Valles"]
[WhiteTeamCountry "ESP"]
[BlackTeamCountry "ESP"]

1. d4 Nf6 2. c4 e6 3. Nc3 Bb4 4. Bg5 c5 5. d5 d6 6. e3 h6 7. Bh4 Qe7 8. Nf3 Nbd7 9. Be2 g5 10. Bg3 Ne4 11. Qc2 Bxc3+ 12. bxc3 Ndf6 13. dxe6 Bxe6 14. Nd2 Bf5 15. Bd3 Nxg3 16. hxg3 Bxd3 17. Qxd3 0-0-0 18. Qf5+ Kc7 19. Rd1 Ne8 20. g4 Ng7 21. Qe4 Qd7 22. Qf3 f5 23. gxf5 Nxf5 24. Ne4 Qe6 25. Nd2 Nh4 26. Qg3 Rhf8 27. e4 Rf4 28. f3 Rdf8 29. Ke2 Qe5 30. Nf1 Nxg2 31. Qxg2 Rxf3 32. Nd2 Rg3 33. Qh2 Qxc3 34. Rde1 Re3+ 35. Kd1 Qa1+ 0-1

[Event "Cornella de Llobregat Vallve Pinol 3rd"]
[Site "Cornella de Llobregat"]
[Date "2015.11.16"]
[Round "8.3"]
[White "Escandell Mari, Juan Carlos"]
[Black "Castrillo Mansego, Pablo"]
[Result "1-0"]
[WhiteElo "2388"]
[BlackElo "2121"]
[PlyCount "107"]
[EventDate "2015.09.21"]
[EventType "swiss"]
[EventRounds "9"]
[EventCountry "ESP"]
[SourceTitle "EXT 2024"]
[Source "ChessBase"]
[SourceDate "2023.10.10"]
[SourceVersion "1"]
[SourceVersionDate "2023.10.10"]
[SourceQuality "1"]

1. e4 e6 2. d4 d5 3. Nd2 dxe4 4. Nxe4 Nf6 5. Bd3 Bd7 6. Nxf6+ gxf6 7. Nf3 Bd6 8. Bh6 Bc6 9. 0-0 Nd7 10. c4 b6 11. d5 Bb7 12. Re1 Qe7 13. Qa4 Kd8 14. Qc2 Nf8 15. Nd4 Be5 16. Nf3 Bd6 17. Be4 Kc8 18. Rad1 Kb8 19. Bxf8 Rxf8 20. dxe6 fxe6 21. Nd4 f5 22. Nc6+ Bxc6 23. Bxc6 a6 24. Bxa8 Kxa8 25. Qe2 e5 26. c5 Bxc5 27. Qxe5 Qh4 28. Qg3 Qxg3 29. hxg3 f4 30. gxf4 Rxf4 31. Re2 Rf7 32. g3 Kb7 33. Kg2 a5 34. f4 a4 35. Kf3 a3 36. b3 h5 37. Rh1 Rd7 38. Rxh5 Rd3+ 39. Kg2 Bd6 40. Rf5 Rd1 41. g4 Rb1 42. g5 Bb4 43. g6 Bc3 44. Rd5 Kc6 45. Rd3 Bg7 46. Rc2+ Kb5 47. Rxc7 Rb2+ 48. Kf3 Bf8 49. Rf7 Bh6 50. g7 Bxg7 51. Rxg7 Rxa2 52. Ra7 Ra1 53. f5 a2 54. Kg2 1-0

[Event "Catalunya-chT GpB final"]
[Site "Barcelona"]
[Date "2015.03.21"]
[Round "9.2"]
[White "Almeida Toledano, Daniel"]
[Black "Escandell Mari, Juan Carlos"]
[Result "0-1"]
[WhiteElo "2295"]
[BlackElo "2290"]
[PlyCount "50"]
[EventDate "2015.03.14"]
[EventType "team-tourn"]
[EventRounds "11"]
[EventCountry "ESP"]
[SourceTitle "EXT 2016"]
[Source "ChessBase"]
[SourceDate "2015.10.08"]
[SourceVersion "1"]
[SourceVersionDate "2015.10.08"]
[SourceQuality "1"]
[WhiteTeam "Foment Martinenc"]
[BlackTeam "Cerdanyola Valles"]
[WhiteTeamCountry "ESP"]
[BlackTeamCountry "ESP"]

1. e4 c5 2. b3 Nc6 3. Bb2 e6 4. Nc3 Nf6 5. Nf3 Qc7 6. Qe2 Be7 7. 0-0-0 0-0 8. g4 Nxg4 9. Rg1 Qf4 10. Ng5 Nge5 11. Qh5 Bxg5 12. Rxg5 f6 13. Rg3 Nd4 14. Ne2 Qxe4 15. Nxd4 cxd4 16. Be2 Qf5 17. Qh4 d5 18. Rdg1 Rf7 19. Qxd4 Bd7 20. f4 Rc8 21. Rc3 Nc6 22. Qf2 e5 23. Qg2 Nb4 24. Kb1 Rxc3 25. dxc3 Nxc2 0-1

[Event "Catalunya-chT Gp2"]
[Site "Barcelona"]
[Date "2015.02.28"]
[Round "6.4"]
[White "Escandell Mari, Juan Carlos"]
[Black "Simon Padros, Emili"]
[Result "1-0"]
[WhiteElo "2290"]
[BlackElo "2231"]
[PlyCount "107"]
[EventDate "2015.01.24"]
[EventType "team-tourn"]
[EventRounds "7"]
[EventCountry "ESP"]
[SourceTitle "EXT 2016"]
[Source "ChessBase"]
[SourceDate "2015.10.08"]
[SourceVersion "1"]
[SourceVersionDate "2015.10.08"]
[SourceQuality "1"]
[WhiteTeam "Cerdanyola Valles"]
[BlackTeam "Terrassa"]
[WhiteTeamCountry "ESP"]
[BlackTeamCountry "ESP"]

1. e4 e6 2. d4 d5 3. Nd2 Nf6 4. e5 Nfd7 5. Bd3 c5 6. c3 b6 7. Ne2 Ba6 8. Bxa6 Nxa6 9. Nf4 Nc7 10. 0-0 c4 11. Qg4 b5 12. Nf3 a5 13. Bd2 g6 14. h4 h6 15. Nh3 Be7 16. h5 g5 17. Nh2 f5 18. exf6 Nxf6 19. Qe2 Qd7 20. Ng4 Nxg4 21. Qxg4 0-0-0 22. f4 gxf4 23. Bxf4 Rdg8 24. Qe2 Bd6 25. Bxd6 Qxd6 26. Nf4 Rh7 27. Ng6 Qg3 28. Rf3 Qg5 29. Raf1 Kb7 30. Rf6 Re8 31. R1f4 Rd7 32. a3 Rd6 33. Rf7 b4 34. Qd1 bxa3 35. bxa3 Rb6 36. Qa4 Rc8 37. Qd1 Rb2 38. Rg4 Qe3+ 39. Kh2 Qxc3 40. Ne7 Rd2 41. Qb1+ Qb3 42. Qh7 Qd3 43. Nxc8 Qxh7 44. Rxh7 Kxc8 45. Rg8+ Kb7 46. Rgg7 Rxd4 47. Rxc7+ Kb6 48. Rce7 Re4 49. Rxh6 Kc5 50. Rexe6 Rg4 51. Kh3 Rg5 52. Rc6+ Kd4 53. g4 Re5 54. Rhe6 1-0

[Event "Catalunya-chT Gp2"]
[Site "Barcelona"]
[Date "2015.02.21"]
[Round "5.1"]
[White "Escandell Mari, Juan Carlos"]
[Black "Ayas Fernandez, Antonio"]
[Result "1/2-1/2"]
[WhiteElo "2290"]
[BlackElo "2265"]
[PlyCount "72"]
[EventDate "2015.01.24"]
[EventType "team-tourn"]
[EventRounds "7"]
[EventCountry "ESP"]
[SourceTitle "EXT 2016"]
[Source "ChessBase"]
[SourceDate "2015.10.08"]
[SourceVersion "1"]
[SourceVersionDate "2015.10.08"]
[SourceQuality "1"]
[WhiteTeam "Cerdanyola Valles"]
[BlackTeam "Sitges"]
[WhiteTeamCountry "ESP"]
[BlackTeamCountry "ESP"]

1. e4 e6 2. d4 d5 3. Nc3 Bb4 4. exd5 exd5 5. Bd3 Nf6 6. Nge2 0-0 7. 0-0 Bg4 8. f3 Bh5 9. Ng3 Bg6 10. Nf5 c5 11. dxc5 Nbd7 12. Ne2 Bxc5+ 13. Kh1 Ne5 14. Neg3 Qd7 15. Nh4 Rfe8 16. Nxg6 hxg6 17. Bf4 Rac8 18. Qd2 Bd6 19. Be3 Nxd3 20. cxd3 Bxg3 21. hxg3 Nh5 22. Bf2 Qd6 23. g4 Nf4 24. Rfe1 g5 25. Be3 d4 26. Bxf4 gxf4 27. Re4 Rxe4 28. fxe4 g5 29. Rc1 Rxc1+ 30. Qxc1 Qe6 31. Qc5 Qxg4 32. Qxd4 Qh4+ 33. Kg1 Qe1+ 34. Kh2 Qh4+ 35. Kg1 Qe1+ 36. Kh2 Qh4+ 1/2-1/2

[Event "Catalunya-chT"]
[Site "Catalunya"]
[Date "2014.02.15"]
[Round "4.1"]
[White "Perpinya Rofes, Lluis Maria"]
[Black "Escandell Mari, Juan Carlos"]
[Result "1/2-1/2"]
[WhiteElo "2400"]
[BlackElo "2290"]
[PlyCount "56"]
[EventDate "2014.01.25"]
[EventType "team"]
[EventRounds "11"]
[EventCountry "ESP"]
[SourceTitle "CBM 158 Extra"]
[Source "ChessBase"]
[SourceDate "2014.02.28"]
[SourceVersion "1"]
[SourceVersionDate "2014.02.28"]
[SourceQuality "1"]
[WhiteTeam "Colon Sabadell"]
[BlackTeam "Cerdanyola Valles"]
[WhiteTeamCountry "ESP"]
[BlackTeamCountry "ESP"]

1. e4 e5 2. Nf3 Nc6 3. Bb5 a6 4. Ba4 Nge7 5. 0-0 g6 6. d4 exd4 7. Nxd4 Bg7 8. Be3 b5 9. Bb3 0-0 10. Nc3 Na5 11. Nde2 Bb7 12. Bd4 Nxb3 13. axb3 d6 14. Bxg7 Kxg7 15. Qd4+ Kg8 16. Rad1 Qd7 17. Nf4 f6 18. Rfe1 Rae8 19. Qa7 Qc8 20. Ncd5 Nxd5 21. exd5 Re5 22. c4 Rf7 23. Ne6 c6 24. Rxe5 fxe5 25. Qb6 cxd5 26. Qxd6 Rf6 27. cxd5 Bxd5 28. Qxd5 Qxe6 1/2-1/2

[Event "Cornella Pinol Memorial 1st"]
[Site "Cornella de Llobregat"]
[Date "2013.11.11"]
[Round "7"]
[White "Escandell Mari, Juan Carlos"]
[Black "Munoz Pantoja, Miguel Angel"]
[Result "1-0"]
[WhiteElo "2275"]
[BlackElo "2457"]
[PlyCount "91"]
[EventDate "2013.09.30"]
[EventType "swiss"]
[EventRounds "9"]
[EventCountry "ESP"]
[SourceTitle "EXT 2015"]
[Source "ChessBase"]
[SourceDate "2014.11.20"]
[SourceVersion "1"]
[SourceVersionDate "2014.11.20"]
[SourceQuality "1"]

1. e4 d5 2. exd5 Qxd5 3. Nc3 Qa5 4. d4 Nf6 5. Nf3 Bg4 6. h3 Bh5 7. g4 Bg6 8. Ne5 Nbd7 9. Nc4 Qa6 10. Bf4 Qe6+ 11. Ne3 0-0-0 12. d5 Nxd5 13. Qxd5 Qxd5 14. Ncxd5 e6 15. Nc3 Bb4 16. 0-0-0 Bxc3 17. bxc3 Nc5 18. Bg2 Na4 19. Rxd8+ Rxd8 20. Nd1 f6 21. Re1 e5 22. Bg3 h5 23. f4 exf4 24. Bxf4 Rd7 25. Bf3 hxg4 26. hxg4 c6 27. Be3 c5 28. Bf4 a6 29. Rh1 Rd8 30. Bd2 Re8 31. Re1 Re5 32. Rxe5 fxe5 33. Ne3 e4 34. Bg2 b6 35. Nf5 Bxf5 36. gxf5 e3 37. Bxe3 Nxc3 38. Kd2 Nb1+ 39. Kd3 Kd7 40. Bf4 b5 41. Be5 c4+ 42. Ke3 Na3 43. Be4 b4 44. Bxg7 a5 45. f6 Ke6 46. Bg6 1-0

[Event "Cornella Pinol Memorial 1st"]
[Site "Cornella de Llobregat"]
[Date "2013.11.04"]
[Round "6"]
[White "Sagues Andreu, Xavier"]
[Black "Escandell Mari, Juan Carlos"]
[Result "0-1"]
[WhiteElo "2107"]
[BlackElo "2275"]
[PlyCount "40"]
[EventDate "2013.09.30"]
[EventType "swiss"]
[EventRounds "9"]
[EventCountry "ESP"]
[SourceTitle "EXT 2015"]
[Source "ChessBase"]
[SourceDate "2014.11.20"]
[SourceVersion "1"]
[SourceVersionDate "2014.11.20"]
[SourceQuality "1"]

1. e4 e5 2. f4 exf4 3. Nf3 d5 4. exd5 Nf6 5. Bc4 Nxd5 6. Bxd5 Qxd5 7. 0-0 Be7 8. d4 0-0 9. Bxf4 c6 10. Nc3 Qa5 11. Qe1 Be6 12. Qg3 Qh5 13. Rae1 Nd7 14. Ne4 Rfe8 15. b3 Bg4 16. Neg5 Bb4 17. Rxe8+ Rxe8 18. Nxf7 Bxf3 19. Rxf3 Qxf7 20. c3 Bf8 0-1

[Event "Cornella Pinol Memorial 1st"]
[Site "Cornella de Llobregat"]
[Date "2013.10.28"]
[Round "5"]
[White "Escandell Mari, Juan Carlos"]
[Black "Capellades Subirana, Marc"]
[Result "1-0"]
[WhiteElo "2275"]
[BlackElo "2233"]
[PlyCount "75"]
[EventDate "2013.09.30"]
[EventType "swiss"]
[EventRounds "9"]
[EventCountry "ESP"]
[SourceTitle "EXT 2015"]
[Source "ChessBase"]
[SourceDate "2014.11.20"]
[SourceVersion "1"]
[SourceVersionDate "2014.11.20"]
[SourceQuality "1"]

1. e4 e5 2. Nf3 Nc6 3. Bb5 a6 4. Ba4 Nf6 5. 0-0 d6 6. Bxc6+ bxc6 7. d4 exd4 8. Nxd4 c5 9. Nc6 Qd7 10. Na5 Be7 11. Nc3 0-0 12. h3 c6 13. Bf4 Rd8 14. e5 dxe5 15. Bxe5 Qe6 16. Qf3 Nd5 17. Rfe1 Qd7 18. Rad1 Bb7 19. Na4 f6 20. Nb6 Nxb6 21. Rxd7 Rxd7 22. Qb3+ Nd5 23. Bg3 c4 24. Qxc4 Bb4 25. Nxb7 Bxe1 26. Qxc6 Nb6 27. Qxb6 Kh8 28. Nd6 h5 29. c4 g5 30. h4 Rf8 31. c5 Re7 32. c6 Bd2 33. c7 gxh4 34. Bxh4 Bf4 35. Bxf6+ Rxf6 36. c8Q+ Kg7 37. Ne8+ Rxe8 38. Qxf6+ 1-0

[Event "Catalunya-chT Honor"]
[Site "Catalunya"]
[Date "2013.03.09"]
[Round "8.5"]
[White "Escandell Mari, Juan Carlos"]
[Black "Almeida Toledano, Daniel"]
[Result "1/2-1/2"]
[WhiteElo "2278"]
[BlackElo "2326"]
[PlyCount "51"]
[EventDate "2013.01.19"]
[EventType "team-tourn"]
[EventRounds "11"]
[EventCountry "ESP"]
[SourceTitle "EXT 2014"]
[Source "ChessBase"]
[SourceDate "2013.11.20"]
[SourceVersion "1"]
[SourceVersionDate "2013.11.20"]
[SourceQuality "1"]
[WhiteTeam "Cerdanyola Valles"]
[BlackTeam "Foment Martinenc"]
[WhiteTeamCountry "ESP"]
[BlackTeamCountry "ESP"]

1. e4 e6 2. d4 d5 3. Nd2 Nc6 4. Ngf3 Nf6 5. e5 Nd7 6. Nb3 Be7 7. c3 f6 8. Bd3 fxe5 9. Nxe5 Ndxe5 10. dxe5 Nxe5 11. Qh5+ Nf7 12. Bxh7 Bf6 13. Be3 Bd7 14. 0-0-0 Ba4 15. Rhe1 Bxb3 16. axb3 Qd7 17. Qg6 0-0-0 18. f4 Nd6 19. Qd3 Kb8 20. g4 Rdf8 21. Re2 Bd8 22. g5 b6 23. Rde1 Nf5 24. Bxf5 Rxf5 25. Bd2 Re8 26. b4 1/2-1/2

[Event "Catalunya-chT"]
[Site "Catalunya"]
[Date "2012.04.14"]
[Round "10.5"]
[White "Alonso Moyano, Jonathan"]
[Black "Escandell Mari, Juan Carlos"]
[Result "0-1"]
[WhiteElo "2396"]
[BlackElo "2273"]
[PlyCount "108"]
[EventDate "2012.01.28"]
[EventType "team-tourn"]
[EventRounds "11"]
[EventCountry "ESP"]
[SourceTitle "EXT 2013"]
[Source "ChessBase"]
[SourceDate "2012.11.22"]
[SourceVersion "1"]
[SourceVersionDate "2012.11.22"]
[SourceQuality "1"]
[WhiteTeam "Barbera"]
[BlackTeam "Cerdanyola Valles"]
[WhiteTeamCountry "ESP"]
[BlackTeamCountry "ESP"]

1. e4 c5 2. Nc3 Nc6 3. Bb5 Nd4 4. Bc4 e6 5. Nge2 Nf6 6. 0-0 a6 7. d3 b5 8. Bb3 Nxb3 9. axb3 Bb7 10. f4 d5 11. e5 d4 12. exf6 dxc3 13. f5 Qxf6 14. Nxc3 exf5 15. Qe2+ Be7 16. Re1 Rd8 17. Qe5 Qxe5 18. Rxe5 f6 19. Rxf5 g6 20. Rf1 f5 21. Bf4 Kd7 22. Rae1 Rde8 23. Be5 Rhf8 24. Re2 Bd6 25. Bxd6 Kxd6 26. Rfe1 Bc6 27. Kf2 Rxe2+ 28. Rxe2 Re8 29. Rd2 Ke5 30. Ne2 Rd8 31. g3 g5 32. Rd1 Bb7 33. Ke3 h6 34. c3 Rf8 35. d4+ cxd4+ 36. Rxd4 Be4 37. Rd7 Rf6 38. Re7+ Kd6 39. Ra7 Ke5 40. b4 Rd6 41. Nd4 f4+ 42. Kf2 fxg3+ 43. Kxg3 Bd5 44. Re7+ Kf6 45. Rh7 Ke5 46. h4 gxh4+ 47. Kxh4 Ke4 48. Kh5 Kd3 49. Rxh6 Rxh6+ 50. Kxh6 Kd2 51. Kg5 Kc1 52. b3 Kb2 53. Nxb5 axb5 54. c4 Bxc4 0-1